| 000 | 00573nam a22001697a 4500 | ||
|---|---|---|---|
| 005 | 20251108164052.0 | ||
| 008 | 250721s1997 xx 000 0 ara d | ||
| 082 | 1 | 4 | _a153.6/حلق |
| 111 | 2 | _aحلقة نقاش فلسفة الحوار (1996 : عمان) | |
| 245 | 1 | 0 |
_aفلسفة الحوار : _bحلقة نقاش / |
| 264 | 1 |
_aعمان : _bمركز الريادة للمعلومات و الدراسات، _c1997. |
|
| 300 | _a42ص | ||
| 490 | 0 | _aسلسلة تنمية المجتمع المدني ؛ 3 | |
| 650 | 1 | 7 | _aالتفكير |
| 942 |
_2ddc _cBK |
||
| 999 |
_c2802 _d2802 |
||